000 007930000a22002410004500
003 LK-CoMWRAF
005 20231113134355.0
008 230817t2002 ||||| |||| 00| 0 eng d
020 _a9068328387
022 _a09227911
040 _aLK-CoMWRAF
_dLK-CoMWRAF
_eLK-CoMWRAF
041 _aeng
082 _a351.0073
_bVAN
100 _avan Oosterhout, Fon
245 _aMoving Targets:
_bTowards monitoring democratic decentralization
260 _aAmsterdam:
_bRoyal Tropical Institute,
_c2002
300 _a69 p. : ill. ; 24 cm
_bBibliography included
490 _aBulletin
_v349
650 _aDecentralization in government -- Evaluation
650 _aEvaluation research (Social action programs)
856 _uhttps://bibalex.org/baifa/Attachment/Documents/113728.pdf
942 _cBK
999 _c568
_d568